Selected studies relating to planning for national development, 1950-64 (Record no. 487350)

000 -LEADER
fixed length control field 00468cam a22001097a 4500
008 - FIXED-LENGTH DATA ELEMENTS--GENERAL INFORMATION
fixed length control field 180718b1965 xxu||||| |||| 00| 0 eng d
082 ## - DEWEY DECIMAL CLASSIFICATION NUMBER
Classification number A2:T000x54 In2
245 ## - TITLE STATEMENT
Title Selected studies relating to planning for national development, 1950-64
Statement of responsibility, etc. by Statistics and Surveys Division, Planning Commission
260 ## - PUBLICATION, DISTRIBUTION, ETC.
Place of publication, distribution, etc. New Delhi
Name of publisher, distributor, etc. Statistics and Surveys Division, Planning Commission
Date of publication, distribution, etc. 1965
300 ## - PHYSICAL DESCRIPTION
Extent 61p.
700 ## - ADDED ENTRY--PERSONAL NAME
Personal name India. Planning Commission. Statistics and Surveys Division
Holdings
Withdrawn status Lost status Damaged status Not for loan Permanent Location Current Location Date acquired Full call number Barcode Date last seen Price effective from Koha item type
        Indian Institute of Public Administration Indian Institute of Public Administration 2018-08-04 A2:T000x54 In2 GG4191 2018-08-04 2018-08-04 GG

Powered by Koha